Normal view
MARC view
- LAWRENCE C.D
Entry Personal Name
001 - CONTROL NUMBER
- control field: 43188
003 - CONTROL NUMBER IDENTIFIER
- control field: NUST
005 - DATE AND TIME OF LATEST TRANSACTION
- control field: 20210314132544.0
008 - FIXED-LENGTH DATA ELEMENTS
- fixed length control field: 210314|| aca||aabn | a|a d
040 ## - CATALOGING SOURCE
- Original cataloging agency: NUST
- Transcribing agency: NUST
100 ## - HEADING--PERSONAL NAME
- Personal name: LAWRENCE C.D
670 ## - SOURCE DATA FOUND
- Source citation: Work cat.: (NUST): LAWRENCE C.D, INTERNATIONAL REVIVEW OF THE COMPOSITION OF CEMENT PASTES MORTARS CONCRETES AND AGGREGATES TO BE USED IN WATER RETAINING STRUCTURES, 1994
